| 000 | 00450nam a2200145Ia 4500 | ||
|---|---|---|---|
| 008 | 170725s9999 xx 000 0 und d | ||
| 100 | _aKristian G. Mortenson | ||
| 245 | 2 | _aA case study of group processes and student evaluation of teaching | |
| 245 | _cKristian G. Mortenson & Richard S. Sathe | ||
| 260 | _c2017 | ||
| 300 | _apages 28-53, February | ||
| 440 |
_aAccounting Education _v26:1 |
||
| 500 | _aCJ0028 | ||
| 650 | _aAccounting Education | ||
| 999 |
_c340852 _d340852 |
||